000 00731nam a2200133Ia 4500
008 171212s9999 xx 000 0 und d
020 _a9780833045614
100 _aDavis, Lois M;Kilburn, M. Rebecca;Scultz, Dana
245 _cDavis, Lois M;Kilburn, M. Rebecca;Scultz, Dana
_aReparable Harm
_bAssessing and Addressing Disparities Faced by Boys and Men of Color in California
260 _bRAND Corporation
_c2009
650 _aAfrican American men -- California -- Social conditions; African American boys -- California -- Social conditions; Hispanic American men -- California -- Social conditions; Hispanic American boys -- California -- Social conditions
650 _aEducation
856 _uwww.jstor.org/stable/10.7249/mg745tce
999 _c352494
_d352494